music trivia: 1974 songs and artists - Statistics

General Stats
  • This quiz has been taken 138 times
  • The average score is 7 of 15
Answer Stats
I'll give you a 1974 song... ...you provide the name of the artist or group who did the song % Correct
Annie's Song John Denver
87%
Kung Fu Fighting Carl Douglas
80%
Rikki Don't Lose That Number Steely Dan
74%
Top of the World The Carpenters
68%
Black Water The Doobie Brothers
63%
The Night Chicago Died Paper Lace
55%
Rock Me Gently Andy Kim
49%
Tell Me Something Good Rufus
44%
Can't Get It Out of My head Electric Light Orchestra
42%
Come and Get Your Love Redbone
39%
You Make Me Feel Brand New The Stylistics
39%
Love's Theme Love Unlimited Orchestra
34%
(I've Been) Searchin' So Long Chicago
30%
Free Man in Paris Joni Mitchell
28%
Overnight Sensation (Hit Record) Raspberries
15%
No matching quizzes found
Score Distribution
Percent of People with Each Score
Percentile by Number Answered
Your Score History
You have not taken this quiz